000 00597nam a2200217Ia 4500
003 OSt
005 20230510101857.0
008 210423s2001 xx 000 0 und d
040 _cAL
041 _aeng
082 _a307
_223
_bDSOC
100 _aDSOUZA (Shalini);CHOUDHURY (Arundati Roy)
_9101905
245 _aCommunity and communal consciousness
260 _aNew Delhi
_bIndian Social Institute
_c2001
300 _av,26
_bPB
365 _b30
_cINR
650 _aCommunities
_9101906
650 _aSociology
_9101907
906 _acommunal ; Community ; consciousness
942 _2ddc
_cBK
999 _c171767
_d171767